000 01190nam a2200253Ia 4500
999 _c35261
_d35261
001 1110
003 GE_BSU
005 20250502164809.0
008 181216s2009||||ge |||||||||||||| ||geo||
040 _cGE_BSU
041 _ageo
080 _a630.3 : 674 გ–44
100 _aგვაზავა, ლევან
_98295
245 _aხე–ტყის დამზადება :
_b(ხე–ტყის ტრანსპორტი და ქვედა საწყობი მერქანის პირველადი გადამუშავების საფუძვლები)/
_cლევან გვაზავა; რედ. მ.ტეფნაძე.
264 _aთბილისი,
_c2009.
300 _a159 გვ. ;
_b20 სმ.
504 _aბიბლიოგრ. გვ. 155
541 _h10 ლ.
653 _aმერქნის პირველადი გადამუშავება
653 _aსოფლის მეურნეობა
653 _aხე–ტყის დამზადება
700 _aტეფნაძე, მ.
_eრედაქტორი
_925005
942 _cBK
_2udc